Normal view
MARC view
Entry Topical Term
001 - CONTROL NUMBER
- control field: 14461
003 - CONTROL NUMBER IDENTIFIER
- control field: OSt
005 - DATE AND TIME OF LATEST TRANSACTION
- control field: 20191211170025.0
008 - FIXED-LENGTH DATA ELEMENTS
- fixed length control field: 191211|| aca||aabn | a|a d
040 ## - CATALOGING SOURCE
- Original cataloging agency: OSt
- Transcribing agency: OSt
150 ## - HEADING--TOPICAL TERM
- Topical term or geographic name entry element: Public policy - India
670 ## - SOURCE DATA FOUND
- Source citation: Work cat.: (OSt): Turaga, Rama Mohana R. 14460, Public policy for E-waste management in India
